000 00690nam a2200277Ia 4500
003 OSt
005 20220924153708.0
006 a|||||r|||| 00| 0
007 ta
008 220923b |||||||| |||| 00| 0 tam d
020 _a8123402341
020 _c50.00
024 _a351364
037 _cTextual
040 _aARTS
_cARTS
_btam
041 _2tam
_atam
082 _aO31,1M82,1:g, N4
100 _aElango S.S Au.
_9229565
245 0 _aUlagukkor inthozhukkam
260 _c1994
300 _a300p.
_ccm.
650 _a TAMIL POETRY
650 _aTAMIL LITERATURE
942 _hO31,1M82,1:g, N4
_cTEXL
_2CC
999 _c474560
_d474560